000 00337 a2200157 4500
001 62084
020 _a8570564341
040 _cAnchieta - Pituba
100 _aSilva, Antônio de Pádua e
240 1 0 _aSelva e Chuva
_lpor
245 1 0 _aSelva e Chuva
300 _a90
362 0 _a1992
650 4 _aLiteratura juvenil
942 _cBK
999 _c62084
_d62084